Statistics for How Are They Related?

Click here to take the quiz!

General Stats

  • This quiz has been taken 15 times
  • The average score is 4 of 11

Answer Stats

QuestionAnswer% Correct
Henry VIII's parents were Henry VII and Elizabeth of York, who also had a daughter named Margaret. How are Margaret and Henry VIII related?They are brother and sister
100%
Leopold I of Austria had a brother, Otto, who had a son named Leopold II. Otto and Leopold I's brother, Albert II, had a son named Leopold III. Leopold III had a son named Leopold IV. How is Leopold IV related to Leopold II?They are first cousins once removed
38%
Hirohito's imperial title was Showa. He had a son named Akihito, and his title was Heisei. Akihito had a son named Naruhito, whose title is simply "The Emperor". Hirohito also had a brother, Takahito. Takahito had a son named Norihito, and Norihito's daughter is Princess Noriko of Takamado. What is the familial relationship between The Emperor, Naruhito, and Princess Noriko of Takamado?They are second cousins
38%
Tom Green married and subsequently divorced Drew Barrymore. Drew Barrymore is John Drew Barrymore's daughter. John Drew Barrymore's father was John Barrymore. How is Tom Green related to John Barrymore?Ex-grandson-in-law
31%
Queen Juliana of the Netherlands had a daughter, Princess Margriet. Prince Maurits is Margriet's son. The title of Queen of the Netherlands, however, was bestowed on Juliana's eldest daughter, Beatrix. Beatrix's son, Willem-Alexander, is currently the king. His daughter, Catharina-Amalia, is the heir apparent to the throne. How are Catharina-Amalia and Prince Maurits related?First cousins once removed
31%
Carlo Buonaparte had a son, Napoleon I. Napoleon I married Josephine de Beauharnais. Josephine was a widow and had a daughter, Hortense, from the previous marriage. Carlo Buonaparte also had a son named Louis Bonaparte, who married Hortense. Besides husband, how was Louis related to Hortense?Louis was Hortense's step uncle
31%
Julius Caesar had a sister named Julia Caesaris. Julia had a daughter named Atia. Atia had a son named Augustus. Upon Julius Caesar's death, his will announced that Julius adopted Augustus and made him heir. What was Augustus in relation to Caesar?Posthumously adopted son and grandnephew
31%
Nicholas Roosevelt had another son named Johannes, who had a son named Jacobus, who had a son named James, who had a son named Cornelius, who had a son named Theodore (Sr.), who had a son named Theodore. How are Theodore and Franklin from the previous question related?They are fifth cousins
31%
Nicholas Roosevelt had a son named Jacobus, who had a son named Isaac, who had a son named James, who had a son named Isaac, who had a son named James, who married Sara Delano, who had a son named Franklin Delano Roosevelt. How is Franklin related to Nicholas?Fourth-great-grandson
23%
Tiberius had a brother, Drusus. Drusus had sons named Claudius and Germanicus. Tiberius adopted Germanicus. Germanicus had a daughter named Agrippina the Younger. Claudius married Agrippina. Which of the following fully explains how Agrippina the Younger is related to Tiberius?Step-granddaughter, grandniece, and niece-in-law
23%
In 1989, Rolling Stones bassist Bill Wyman married Mandy Smith, but divorced after a couple years. Stephen Wyman, Bill Wyman's son from a previous marriage, subsequently married Mandy's mother, Patsy. Which of the following is NOT true?Bill married his future step-mother-in-law
8%

Score Distribution

Percentile by Number Answered

Percent of People with Each Score

Your Score History

You have not taken this quiz